<?xml version="1.0" encoding="UTF-8"?>
<record
    xmlns:xsi="http://www.w3.org/2001/XMLSchema-instance"
    xsi:schemaLocation="http://www.loc.gov/MARC21/slim http://www.loc.gov/standards/marcxml/schema/MARC21slim.xsd"
    xmlns="http://www.loc.gov/MARC21/slim">

  <leader>02533nam a22002657a 4500</leader>
  <controlfield tag="003">DO-SdINT</controlfield>
  <controlfield tag="005">20250520103445.0</controlfield>
  <controlfield tag="008">250502t2000    dr ||||| |||| 00| 0 spa d</controlfield>
  <datafield tag="020" ind1=" " ind2=" ">
    <subfield code="a">99934-0-135-8</subfield>
  </datafield>
  <datafield tag="040" ind1=" " ind2=" ">
    <subfield code="a">DO-SdINT</subfield>
    <subfield code="b">spa</subfield>
    <subfield code="e">rda</subfield>
    <subfield code="c">DO-SdINT</subfield>
  </datafield>
  <datafield tag="041" ind1=" " ind2=" ">
    <subfield code="a">spa</subfield>
  </datafield>
  <datafield tag="044" ind1=" " ind2=" ">
    <subfield code="a">dr</subfield>
    <subfield code="c">DO</subfield>
  </datafield>
  <datafield tag="072" ind1=" " ind2=" ">
    <subfield code="a">CSH</subfield>
  </datafield>
  <datafield tag="100" ind1="1" ind2=" ">
    <subfield code="a">Mart&#xED;nez, Carlos T.</subfield>
    <subfield code="4">aut.</subfield>
    <subfield code="9">16624</subfield>
    <subfield code="e">autor</subfield>
  </datafield>
  <datafield tag="245" ind1=" " ind2=" ">
    <subfield code="a">Grandes dominicanos /</subfield>
    <subfield code="c">Carlos T. Mart&#xED;nez</subfield>
  </datafield>
  <datafield tag="264" ind1=" " ind2=" ">
    <subfield code="a">Santo Domingo :</subfield>
    <subfield code="b">Editora Centenario,</subfield>
    <subfield code="c">2000</subfield>
  </datafield>
  <datafield tag="300" ind1=" " ind2=" ">
    <subfield code="a">527 p&#xE1;ginas :</subfield>
    <subfield code="b">ilustraciones ;</subfield>
    <subfield code="c">23 cm</subfield>
  </datafield>
  <datafield tag="336" ind1=" " ind2=" ">
    <subfield code="2">rdacontent</subfield>
    <subfield code="a">texto</subfield>
    <subfield code="b">txt</subfield>
  </datafield>
  <datafield tag="337" ind1=" " ind2=" ">
    <subfield code="2">rdamedia</subfield>
    <subfield code="a">sin mediaci&#xF3;n</subfield>
    <subfield code="b">n</subfield>
  </datafield>
  <datafield tag="338" ind1=" " ind2=" ">
    <subfield code="2">rdacarrier</subfield>
    <subfield code="a">volumen</subfield>
    <subfield code="b">nc</subfield>
  </datafield>
  <datafield tag="505" ind1=" " ind2=" ">
    <subfield code="a">Se encuentra en f&#xED;sico en el siguiente enlace</subfield>
  </datafield>
  <datafield tag="520" ind1=" " ind2=" ">
    <subfield code="a">El periodista, locutor y escritor Carlos T. Mart&#xED;nez naci&#xF3; el 9 de noviembre de 1945 en San Pedro de Macor&#xED;s, ciudad que lo nombr&#xF3; hijo meritorio y distinguido. Fue el primer presidente electo de ACROARTE. Tiene m&#xE1;s de 54 a&#xF1;os como profesional de las comunicaciones. En la actualidad, produce desde hace mas de 40 a&#xF1;os el programa radial Panorama Farandulero y Algo M&#xE1;s. Cada mi&#xE9;rcoles publica su popular columna Generalidades en el vespertino El Nacional. Ha publicado m&#xE1;s de 24 tomos de la serie Grandes Dominicanos, con entrevistas a personalidades de diversos &#xE1;mbitos que han contribuido dentro de sus especialidades a engrandecer la Rep&#xFA;blica Dominicana. Entre otros de sus obras libros se destacan, &#x201C;Premios Casandra, Historia de Acroarte&#x201D;, &#x201C;Confesiones de una ninf&#xF3;mana&#x201D;, &#x201C;La vida de Jochy Santos, Con el mismo golpe&#x201D; y &#x201C;La m&#xE1;s celosa de las mujeres&#x201D;.
Conocido cari&#xF1;osamente por sus colegas como &#x201C;El Deferente&#x201D;, pero no s&#xF3;lo como mel&#xF3;mano, sino como compositor, donde ha escrito, entre otros temas, &#x201C;Homenaje a Antonio Guzm&#xE1;n Fern&#xE1;ndez&#x201D;, &#x201C;Santo Domingo&#x201D;, &#x201C;El merengue&#x201D;, &#x201C;El defecto&#x201D;, &#x201C;Quiero darte un beso&#x201D;, &#x201C;Macana&#x201D;, &#x201C;Homenaje a Nelson Mandela&#x201D; y &#x201C;Marian Grey&#x201D;, el que dedicara a su nieta del mismo nombre.
Con una larga lista de reconocimiento entre los que se destacan El Dorado, El Micr&#xF3;fono de Oro, la Medalla Presidencial al M&#xE9;rito, Cronista del A&#xF1;o, exaltaci&#xF3;n a la Cabina de la Fama e Inmortal de la Locuci&#xF3;n Dominicana y Premio al M&#xE9;rito Period&#xED;stico de ACROARTE. Adem&#xE1;s, recibi&#xF3; en el 2015 el reconocimiento a la trayectoria period&#xED;stica por parte del Ministerio de Cultura.
</subfield>
  </datafield>
  <datafield tag="856" ind1=" " ind2=" ">
    <subfield code="u">https://opacbiblioteca.intec.edu.do/cgi-bin/koha/opac-detail.pl?biblionumber=227121</subfield>
  </datafield>
  <datafield tag="942" ind1=" " ind2=" ">
    <subfield code="c">LBD</subfield>
    <subfield code="2">ddc</subfield>
    <subfield code="n">0</subfield>
  </datafield>
  <datafield tag="999" ind1=" " ind2=" ">
    <subfield code="c">13431</subfield>
    <subfield code="d">13431</subfield>
  </datafield>
  <datafield tag="952" ind1=" " ind2=" ">
    <subfield code="0">0</subfield>
    <subfield code="1">0</subfield>
    <subfield code="2">ddc</subfield>
    <subfield code="4">0</subfield>
    <subfield code="7">0</subfield>
    <subfield code="a">IDEICE</subfield>
    <subfield code="b">IDEICE</subfield>
    <subfield code="d">2025-05-20</subfield>
    <subfield code="l">0</subfield>
    <subfield code="r">2025-05-20 10:16:10</subfield>
    <subfield code="u">https://opacbiblioteca.intec.edu.do/cgi-bin/koha/opac-detail.pl?biblionumber=227121</subfield>
    <subfield code="w">2025-05-20</subfield>
    <subfield code="y">LIB</subfield>
  </datafield>
</record>
